| 000 | 01554nam a2200349Ia 4500 | ||
|---|---|---|---|
| 001 | ebr10644329 | ||
| 003 | CaPaEBR | ||
| 006 | m u | ||
| 007 | cr cn||||||||| | ||
| 008 | 950303s2012 dcua sb 000 0 eng d | ||
| 020 | _z9781475547276 (ebook) | ||
| 020 | _z9781589068032 | ||
| 040 |
_aCaPaEBR _cCaPaEBR |
||
| 035 | _a(OCoLC)819351941 | ||
| 050 | 1 | 4 |
_aHG3891 _b.S23 2012eb |
| 100 | 1 | _aSaadi-Sedik, Tahsin. | |
| 245 | 1 | 0 |
_aEffects of capital flow liberalization _h[electronic resource] : _bwhat is the evidence from recent experiences of emerging market economies? / _cTahsin Saadi Sedik and Tao Sun. |
| 260 |
_aWashington, D.C. : _bInternational Monetary Fund, _cc2012. |
||
| 300 |
_a26 p. : _bill. |
||
| 440 | 0 |
_aIMF working paper ; _vWP/12/275 |
|
| 500 | _aAt head of title: Monetary and Capital Markets Department -- verso of t.p. | ||
| 500 | _a"November 2012" -- verso of t.p. | ||
| 504 | _aIncludes bibliographical references. | ||
| 533 |
_aElectronic reproduction. _bPalo Alto, Calif. : _cebrary, _d2013. _nAvailable via World Wide Web. _nAccess may be limited to ebrary affiliated libraries. |
||
| 650 | 0 |
_aCapital movements _zDeveloping countries. |
|
| 650 | 0 |
_aEconomic development _zDeveloping countries. |
|
| 655 | 7 |
_aElectronic books. _2local |
|
| 700 | 1 |
_aSun, Tao, _d1970- |
|
| 710 | 2 |
_aInternational Monetary Fund. _bMonetary and Capital Markets Dept. |
|
| 710 | 2 | _aebrary, Inc. | |
| 856 | 4 | 0 |
_uhttp://site.ebrary.com/lib/rucke/Doc?id=10644329 _zAn electronic book accessible through the World Wide Web; click to view |
| 999 |
_c29873 _d29873 |
||